Biblioteca
Vista normal Vista MARC
  • Santos cristianos

Entrada Tema o Materia

Número de registros utilizados en: 1

001 - NUMERO DE CONTROL

  • Campo de control: 7113

003 - IDENTIFICADOR DEL NUMERO DE CONTROL

  • Campo de control: SpMaBN

005 - HORA Y FECHA DE LA ULTIMA TRANSACCIÓN

  • Campo de control: 20220628174708.0

008 - CAMPO DE LONGITUD FIJA

  • Campo fijo de descripción fija: 120416 n anznnbabn |a ana ##

024 7# -

  • : http://id.loc.gov/authorities/subjects/sh2001011559
  • : lcsh

040 ## -

  • : SpMaBN
  • : spa
  • : SpMaBN
  • : rdc
  • : embne

042 ## -

  • : 20120418

080 ## -

  • : 27-36-264
  • : mrf12

080 ## -

  • : 398.22
  • : mrf12

150 ## - ENCABEZAMIENTO DE MATERIA-TEMA

  • Téma o Materia: Santos cristianos
  • Subdivisión de forma: Leyendas

450 ## - REFERENCIA DE ENVIO “VEASE” - MATERIA

  • Encabezamiento temático : Santos cristianos
  • Subdivisión de forma: Leyendas
  • Subdivisión general: Historia y crítica

550 ## - REFERENCIA DE ENVIO "VEASE ADEMAS" - MATERIA

  • Subcampo de control: g
  • Encabezamiento temático o nombre geográfico como elemento de entrada: Santos
  • Subdivisión de forma: Leyendas

670 ## - FUENTE EN LA QUE SE LOCALIZARON DATOS

  • Cita de la fuente : LCSH
  • Información localizada : (Christian saints-Legends)

670 ## - FUENTE EN LA QUE SE LOCALIZARON DATOS

  • Cita de la fuente : RAMEAU
  • Información localizada : (Saints chrétiens-Légendes)

750 #7 - ASIENTO LIGADO AL ENCABEZAMIENTO - TEMATICO

  • Encabezamiento temático : Christian saints-Legends
  • Source of heading or term: lcsh

901 ## -

  • : LAEMBNE

961 ## -

  • : Santos cristianos
  • : Leyendas

Biblioteca FUSBC | Teléfono: (57+4) 349 88 10 Ext. 141| WhatsApp (+57) 3005338115 
E-mail: biblioteca@unisbc.edu.co | Calle 76 87-14 Robledo Palenque, Medellín, Colombia

Con tecnología Koha